[Event "Deutsche Ländermeisterschaft 2022"]
[Site "Wiesbaden GER"]
[Date "2022.10.01"]
[Round "2"]
[White "Lutsko, Artem"]
[Black "Boder, Jan"]
[Result "1-0"]
[Termination "normal"]
[Board "1.1"]
[WhiteTitle "IM"]
[BlackTitle "FM"]
[WhiteElo "2431"]
[BlackElo "2341"]
[WhiteClock "01:12:49"]
[BlackClock "01:11:33"]
[WhiteTeam "Bayern"]
[BlackTeam "Rheinland-Pfalz"]
[PlyCount "73"]
[WhiteFideId "14188767"]
[BlackFideId "16243226"]
[EventCountry "GER"]
[EventRounds "7"]
[EventType "team-swiss"]
[EventDate "2022.09.30"]

1. d4 {[%clk 01:30:58]} {[%emt 00:00:01]} Nf6 {[%clk 01:30:46]} {[%emt
00:00:15]} 2. c4 {[%clk 01:31:24]} {[%emt 00:00:05]} c5 {[%clk 01:31:03]}
{[%emt 00:00:12]} 3. d5 {[%clk 01:31:49]} {[%emt 00:00:05]} b5 {[%clk
01:31:27]} {[%emt 00:00:06]} 4. cxb5 {[%clk 01:32:14]} {[%emt 00:00:06]} a6
{[%clk 01:31:46]} {[%emt 00:00:11]} 5. bxa6 {[%clk 01:32:41]} {[%emt 00:00:04]}
e6 {[%clk 01:31:13]} {[%emt 00:01:01]} 6. a7 {[%clk 01:31:12]} {[%emt
00:02:00]} Rxa7 {[%clk 01:31:23]} {[%emt 00:00:20]} 7. dxe6 {[%clk 01:31:00]}
{[%emt 00:00:42]} fxe6 {[%clk 01:31:41]} {[%emt 00:00:12]} 8. e4 {[%clk
01:31:19]} {[%emt 00:00:12]} d5 {[%clk 01:17:26]} {[%emt 00:14:44]} 9. e5
{[%clk 01:27:59]} {[%emt 00:03:50]} Ne4 {[%clk 01:16:46]} {[%emt 00:01:10]} 10.
Nd2 {[%clk 01:26:42]} {[%emt 00:01:48]} Nxd2 {[%clk 01:16:22]} {[%emt
00:00:53]} 11. Bxd2 {[%clk 01:27:09]} {[%emt 00:00:02]} Nc6 {[%clk 01:16:22]}
{[%emt 00:00:31]} 12. Nf3 {[%clk 01:27:13]} {[%emt 00:00:27]} Qc7 {[%clk
01:14:52]} {[%emt 00:01:59]} 13. Bb5 {[%clk 01:25:32]} {[%emt 00:02:11]} Ba6
{[%clk 01:11:43]} {[%emt 00:03:39]} 14. Bxa6 {[%clk 01:24:15]} {[%emt
00:01:48]} Rxa6 {[%clk 01:12:08]} {[%emt 00:00:04]} 15. O-O {[%clk 01:24:21]}
{[%emt 00:00:25]} Be7 {[%clk 01:12:05]} {[%emt 00:00:32]} 16. Re1 {[%clk
01:15:29]} {[%emt 00:09:23]} O-O {[%clk 01:11:33]} {[%emt 00:01:01]} 17. b3
{[%clk 01:12:49]} {[%emt 00:03:10]} Rf5 18. Bc3 {[%clk 01:12:49]} Ra8 19. a4
{[%clk 01:12:49]} Raf8 20. Qe2 {[%clk 01:12:49]} Bd8 21. a5 {[%clk 01:12:49]}
Qf7 22. Ra2 {[%clk 01:12:49]} g5 23. h3 {[%clk 01:12:49]} h5 24. Qb5 {[%clk
01:12:49]} g4 25. hxg4 {[%clk 01:12:49]} hxg4 26. Nh2 {[%clk 01:12:49]} Rxf2
27. Nxg4 {[%clk 01:12:49]} Na7 28. Qa6 {[%clk 01:12:49]} Rxa2 29. Nh6+ {[%clk
01:12:49]} Kg7 30. Nxf7 {[%clk 01:12:49]} Rxf7 31. Rf1 {[%clk 01:12:49]} d4 32.
Rxf7+ {[%clk 01:12:49]} Kxf7 33. Qxa7+ {[%clk 01:12:49]} Be7 34. Be1 {[%clk
01:12:49]} Ra1 35. Kf2 {[%clk 01:12:49]} d3 36. Qd7 {[%clk 01:12:49]} Ra2+ 37.
Ke3 {[%clk 01:12:49]} 1-0

[Event "Deutsche Ländermeisterschaft 2022"]
[Site "Wiesbaden GER"]
[Date "2022.10.01"]
[Round "2"]
[White "Schneider, Jana"]
[Black "Sidletskyi, Ivan"]
[Result "0-1"]
[Termination "normal"]
[Board "1.3"]
[WhiteTitle "FM"]
[WhiteElo "2323"]
[BlackElo "2184"]
[WhiteClock "01:20:22"]
[BlackClock "01:00:03"]
[WhiteTeam "Bayern"]
[BlackTeam "Rheinland-Pfalz"]
[PlyCount "104"]
[WhiteFideId "12924997"]
[BlackFideId "14156024"]
[EventCountry "GER"]
[EventRounds "7"]
[EventType "team-swiss"]
[EventDate "2022.09.30"]

1. e4 {[%clk 01:30:57]} {[%emt 00:00:02]} e6 {[%clk 01:30:17]} {[%emt
00:00:43]} 2. d4 {[%clk 01:31:18]} {[%emt 00:00:09]} d5 {[%clk 01:30:15]}
{[%emt 00:00:33]} 3. e5 {[%clk 01:31:39]} {[%emt 00:00:08]} c5 {[%clk
01:29:19]} {[%emt 00:01:26]} 4. c3 {[%clk 01:32:00]} {[%emt 00:00:09]} Nc6
{[%clk 01:29:31]} {[%emt 00:00:18]} 5. Nf3 {[%clk 01:32:22]} {[%emt 00:00:08]}
Bd7 {[%clk 01:29:15]} {[%emt 00:00:46]} 6. Be2 {[%clk 01:32:36]} {[%emt
00:00:16]} Nge7 {[%clk 01:28:54]} {[%emt 00:00:51]} 7. O-O {[%clk 01:32:11]}
{[%emt 00:00:55]} cxd4 {[%clk 01:25:31]} {[%emt 00:03:53]} 8. cxd4 {[%clk
01:32:32]} {[%emt 00:00:08]} Nf5 {[%clk 01:25:27]} {[%emt 00:00:34]} 9. Nc3
{[%clk 01:32:25]} {[%emt 00:00:38]} Rc8 {[%clk 01:24:25]} {[%emt 00:01:32]} 10.
Kh1 {[%clk 01:30:18]} {[%emt 00:02:37]} a6 {[%clk 01:14:37]} {[%emt 00:10:18]}
11. g4 {[%clk 01:26:06]} {[%emt 00:04:42]} Nfe7 {[%clk 01:13:51]} {[%emt
00:01:16]} 12. Ne1 {[%clk 01:22:44]} {[%emt 00:03:53]} h5 {[%clk 01:09:57]}
{[%emt 00:04:24]} 13. gxh5 {[%clk 01:20:49]} {[%emt 00:02:25]} Nf5 {[%clk
01:09:55]} {[%emt 00:00:33]} 14. Be3 {[%clk 01:20:22]} {[%emt 00:00:57]} Qb6
{[%clk 01:00:03]} {[%emt 00:10:21]} 15. Bg4 Qxb2 {[%clk 01:00:03]} 16. Bxf5
exf5 {[%clk 01:00:03]} 17. Rc1 Nb4 {[%clk 01:00:03]} 18. Bd2 Qa3 {[%clk
01:00:03]} 19. Qf3 Qb2 {[%clk 01:00:03]} 20. Bg5 Be7 {[%clk 01:00:03]} 21. Bxe7
Kxe7 {[%clk 01:00:03]} 22. Ng2 Bb5 {[%clk 01:00:03]} 23. Rfd1 Bd3 {[%clk
01:00:03]} 24. a3 Be4 {[%clk 01:00:03]} 25. Qe3 f4 {[%clk 01:00:03]} 26. Qxf4
Rxc3 {[%clk 01:00:03]} 27. Qg5+ Kd7 {[%clk 01:00:03]} 28. Rxc3 Qxc3 {[%clk
01:00:03]} 29. Qg4+ Ke7 {[%clk 01:00:03]} 30. Qg5+ Kd7 {[%clk 01:00:03]} 31.
Qg4+ Kc7 {[%clk 01:00:03]} 32. axb4 Qf3 {[%clk 01:00:03]} 33. Rc1+ Kb6 {[%clk
01:00:03]} 34. Qxf3 Bxf3 {[%clk 01:00:03]} 35. Rc3 Be2 {[%clk 01:00:03]} 36.
Nf4 Bc4 {[%clk 01:00:03]} 37. Rg3 Rh7 {[%clk 01:00:03]} 38. Rg5 Kb5 {[%clk
01:00:03]} 39. Rf5 g6 {[%clk 01:00:03]} 40. hxg6 fxg6 {[%clk 01:00:03]} 41. Rf6
g5 {[%clk 01:00:03]} 42. Ng6 Kxb4 {[%clk 01:00:03]} 43. e6 Bb5 {[%clk
01:00:03]} 44. Nf8 Rh4 {[%clk 01:00:03]} 45. e7 Re4 {[%clk 01:00:03]} 46. Ng6
Rxd4 {[%clk 01:00:03]} 47. Rb6 Re4 {[%clk 01:00:03]} 48. f3 Re2 {[%clk
01:00:03]} 49. Rxb7 d4 {[%clk 01:00:03]} 50. f4 d3 {[%clk 01:00:03]} 51. Ne5 d2
{[%clk 01:00:03]} 52. Nd3+ Ka3 {[%clk 01:00:03]} 0-1

[Event "Deutsche Ländermeisterschaft 2022"]
[Site "Wiesbaden GER"]
[Date "2022.10.01"]
[Round "2"]
[White "Mader, Fabian"]
[Black "Huber, Benedikt"]
[Result "0-1"]
[Termination "normal"]
[Board "1.4"]
[BlackTitle "FM"]
[WhiteElo "1735"]
[BlackElo "2299"]
[WhiteClock "01:14:45"]
[BlackClock "01:02:23"]
[WhiteTeam "Rheinland-Pfalz"]
[BlackTeam "Bayern"]
[PlyCount "98"]
[WhiteFideId "16265866"]
[BlackFideId "12923583"]
[EventCountry "GER"]
[EventRounds "7"]
[EventType "team-swiss"]
[EventDate "2022.09.30"]

1. e4 {[%clk 01:30:56]} {[%emt 00:00:03]} e5 {[%clk 01:30:54]} {[%emt
00:00:07]} 2. Nf3 {[%clk 01:31:19]} {[%emt 00:00:07]} Nc6 {[%clk 01:31:18]}
{[%emt 00:00:07]} 3. Bc4 {[%clk 01:31:42]} {[%emt 00:00:06]} Nf6 {[%clk
01:31:33]} {[%emt 00:00:15]} 4. d3 {[%clk 01:32:00]} {[%emt 00:00:12]} h6
{[%clk 01:31:56]} {[%emt 00:00:08]} 5. c3 {[%clk 01:32:03]} {[%emt 00:00:27]}
d6 {[%clk 01:32:13]} {[%emt 00:00:12]} 6. O-O {[%clk 01:32:13]} {[%emt
00:00:20]} g5 {[%clk 01:32:20]} {[%emt 00:00:24]} 7. Re1 {[%clk 01:29:18]}
{[%emt 00:03:25]} Bg7 {[%clk 01:31:43]} {[%emt 00:01:07]} 8. a4 {[%clk
01:28:04]} {[%emt 00:01:44]} a6 {[%clk 01:22:00]} {[%emt 00:10:13]} 9. b4
{[%clk 01:23:39]} {[%emt 00:04:54]} Nh5 {[%clk 01:06:21]} {[%emt 00:16:08]} 10.
Qb3 {[%clk 01:17:30]} {[%emt 00:06:39]} Qf6 {[%clk 01:02:23]} {[%emt 00:04:28]}
11. Na3 {[%clk 01:14:45]} {[%emt 00:03:15]} Nf4 12. Bxf4 {[%clk 01:14:45]} gxf4
13. Nc2 {[%clk 01:14:45]} Rg8 14. Kh1 {[%clk 01:14:45]} Bf8 15. a5 {[%clk
01:14:45]} Nd8 16. d4 {[%clk 01:14:45]} Bg4 17. b5 {[%clk 01:14:45]} axb5 18.
Bxb5+ {[%clk 01:14:45]} c6 19. Ba4 {[%clk 01:14:45]} Qg6 20. Rg1 {[%clk
01:14:45]} Qh5 21. Nce1 {[%clk 01:14:45]} exd4 22. cxd4 {[%clk 01:14:45]} Rxa5
23. Qb6 {[%clk 01:14:45]} Bd7 24. Nd3 {[%clk 01:14:45]} Ra6 25. Qc7 {[%clk
01:14:45]} Qa5 26. Qxa5 {[%clk 01:14:45]} Rxa5 27. e5 {[%clk 01:14:45]} d5 28.
Nxf4 {[%clk 01:14:45]} Bf5 29. Bxc6+ {[%clk 01:14:45]} Nxc6 30. Rxa5 {[%clk
01:14:45]} Nxa5 31. Nxd5 {[%clk 01:14:45]} Be7 32. Ra1 {[%clk 01:14:45]} Bd8
33. Nd2 {[%clk 01:14:45]} Rg6 34. Nf4 {[%clk 01:14:45]} Ra6 35. d5 {[%clk
01:14:45]} Bg5 36. g3 {[%clk 01:14:45]} Kd7 37. Kg2 {[%clk 01:14:45]} Bc2 38.
Kf3 {[%clk 01:14:45]} Nb3 39. Nxb3 {[%clk 01:14:45]} Bxb3 40. Rxa6 {[%clk
01:14:45]} bxa6 41. Ke4 {[%clk 01:14:45]} Bxf4 42. gxf4 {[%clk 01:14:45]} a5
43. Kd4 {[%clk 01:14:45]} a4 44. d6 {[%clk 01:14:45]} a3 45. Kc3 {[%clk
01:14:45]} Be6 46. Kc2 {[%clk 01:14:45]} Kc6 47. Kc3 {[%clk 01:14:45]} Kc5 48.
f3 {[%clk 01:14:45]} a2 49. Kb2 {[%clk 01:14:45]} Kd4 0-1

[Event "Deutsche Ländermeisterschaft 2022"]
[Site "Wiesbaden GER"]
[Date "2022.10.01"]
[Round "2"]
[White "Prinzen, Siri Marleen"]
[Black "Keymer, Cecilia"]
[Result "1/2-1/2"]
[Termination "normal"]
[Board "1.7"]
[WhiteElo "1719"]
[BlackElo "1696"]
[WhiteClock "01:17:04"]
[BlackClock "01:02:10"]
[WhiteTeam "Bayern"]
[BlackTeam "Rheinland-Pfalz"]
[PlyCount "76"]
[WhiteFideId "16265912"]
[BlackFideId "16233468"]
[EventCountry "GER"]
[EventRounds "7"]
[EventType "team-swiss"]
[EventDate "2022.09.30"]

1. d4 {[%clk 01:30:58]} {[%emt 00:00:02]} d5 {[%clk 01:30:55]} {[%emt
00:00:05]} 2. Bf4 {[%clk 01:31:23]} {[%emt 00:00:04]} c5 {[%clk 01:31:19]}
{[%emt 00:00:06]} 3. e3 {[%clk 01:31:48]} {[%emt 00:00:04]} Nc6 {[%clk
01:31:39]} {[%emt 00:00:10]} 4. c3 {[%clk 01:31:44]} {[%emt 00:00:34]} cxd4
{[%clk 01:29:51]} {[%emt 00:02:18]} 5. exd4 {[%clk 01:32:07]} {[%emt 00:00:07]}
Bf5 {[%clk 01:29:01]} {[%emt 00:01:21]} 6. Nf3 {[%clk 01:30:14]} {[%emt
00:02:22]} e6 {[%clk 01:25:01]} {[%emt 00:04:30]} 7. Qb3 {[%clk 01:29:04]}
{[%emt 00:01:40]} Qd7 {[%clk 01:24:15]} {[%emt 00:01:16]} 8. Nbd2 {[%clk
01:28:20]} {[%emt 00:01:13]} Nge7 {[%clk 01:19:40]} {[%emt 00:05:05]} 9. Be2
{[%clk 01:24:42]} {[%emt 00:04:08]} Ng6 {[%clk 01:18:03]} {[%emt 00:02:07]} 10.
Bg3 {[%clk 01:24:28]} {[%emt 00:00:44]} Be7 {[%clk 01:15:55]} {[%emt 00:02:39]}
11. O-O {[%clk 01:22:17]} {[%emt 00:02:41]} O-O {[%clk 01:12:15]} {[%emt
00:04:10]} 12. Rfe1 {[%clk 01:20:49]} {[%emt 00:01:57]} Rac8 {[%clk 01:10:41]}
{[%emt 00:02:04]} 13. Nf1 {[%clk 01:18:01]} {[%emt 00:03:18]} Na5 {[%clk
01:05:22]} {[%emt 00:05:49]} 14. Qb5 {[%clk 01:16:43]} {[%emt 00:01:48]} Qxb5
{[%clk 01:02:10]} {[%emt 00:03:43]} 15. Bxb5 {[%clk 01:17:04]} {[%emt
00:00:08]} Nc4 16. Bxc4 {[%clk 01:17:04]} dxc4 17. Ne3 {[%clk 01:17:04]} Bd3
18. d5 {[%clk 01:17:04]} exd5 19. Nxd5 {[%clk 01:17:04]} Bc5 20. Ne5 {[%clk
01:17:04]} Nxe5 21. Rxe5 {[%clk 01:17:04]} Rfe8 22. Rae1 {[%clk 01:17:04]} Kf8
23. b4 {[%clk 01:17:04]} cxb3 24. axb3 {[%clk 01:17:04]} Rxe5 25. Rxe5 {[%clk
01:17:04]} Bd6 26. Re3 {[%clk 01:17:04]} Bxg3 27. Rxd3 {[%clk 01:17:04]} Be5
28. c4 {[%clk 01:17:04]} f6 29. f4 {[%clk 01:17:04]} Bd6 30. g3 {[%clk
01:17:04]} Re8 31. Kf1 {[%clk 01:17:04]} Rd8 32. Ke2 {[%clk 01:17:04]} Bc5 33.
h3 {[%clk 01:17:04]} a5 34. Nc7 {[%clk 01:17:04]} Rxd3 35. Kxd3 {[%clk
01:17:04]} Ke7 36. f5 {[%clk 01:17:04]} g6 37. Ke4 {[%clk 01:17:04]} Bd6 38.
Nd5+ {[%clk 01:17:04]} Kf7 1/2-1/2

[Event "Deutsche Ländermeisterschaft 2022"]
[Site "Wiesbaden GER"]
[Date "2022.10.01"]
[Round "2"]
[White "Stelmaszyk, Nico"]
[Black "Petrovskiy, Vadim"]
[Result "0-1"]
[Termination "normal"]
[Board "2.1"]
[WhiteTitle "FM"]
[BlackTitle "FM"]
[WhiteElo "2355"]
[BlackElo "2320"]
[WhiteClock "00:28:40"]
[BlackClock "01:11:13"]
[WhiteTeam "Niedersachsen"]
[BlackTeam "Hessen"]
[PlyCount "102"]
[WhiteFideId "16200462"]
[BlackFideId "14165210"]
[EventCountry "GER"]
[EventRounds "7"]
[EventType "team-swiss"]
[EventDate "2022.09.30"]

1. e4 {[%clk 01:30:58]} {[%emt 00:00:02]} c5 {[%clk 01:29:41]} {[%emt
00:01:15]} 2. c3 {[%clk 01:31:26]} {[%emt 00:00:06]} Nf6 {[%clk 01:29:28]}
{[%emt 00:00:43]} 3. e5 {[%clk 01:31:51]} {[%emt 00:00:05]} Nd5 {[%clk
01:29:53]} {[%emt 00:00:05]} 4. Bc4 {[%clk 01:32:18]} {[%emt 00:00:03]} Nb6
{[%clk 01:29:47]} {[%emt 00:00:36]} 5. Bb3 {[%clk 01:32:44]} {[%emt 00:00:04]}
Nc6 {[%clk 01:28:18]} {[%emt 00:01:59]} 6. d4 {[%clk 01:33:08]} {[%emt
00:00:06]} cxd4 {[%clk 01:28:37]} {[%emt 00:00:11]} 7. cxd4 {[%clk 01:33:33]}
{[%emt 00:00:05]} d5 {[%clk 01:28:58]} {[%emt 00:00:09]} 8. Bc2 {[%clk
01:33:59]} {[%emt 00:00:04]} Nb4 {[%clk 01:29:11]} {[%emt 00:00:18]} 9. Nc3
{[%clk 01:34:22]} {[%emt 00:00:07]} Nxc2+ {[%emt 00:00:08]} 10. Qxc2 {[%clk
01:34:48]} {[%emt 00:00:04]} Bd7 {[%clk 01:29:30]} {[%emt 00:00:33]} 11. Nge2
{[%clk 01:31:49]} {[%emt 00:03:28]} Qc8 {[%clk 01:25:14]} {[%emt 00:04:46]} 12.
O-O {[%clk 01:24:05]} {[%emt 00:08:14]} Bf5 {[%clk 01:24:18]} {[%emt 00:01:26]}
13. Qd1 {[%clk 01:24:14]} {[%emt 00:00:21]} e6 {[%clk 01:24:02]} {[%emt
00:00:46]} 14. Ng3 {[%clk 01:24:09]} {[%emt 00:00:35]} Bg6 {[%clk 01:24:15]}
{[%emt 00:00:17]} 15. h4 {[%clk 01:18:47]} {[%emt 00:05:53]} h5 {[%clk
01:18:38]} {[%emt 00:06:07]} 16. Bg5 {[%clk 01:17:41]} {[%emt 00:01:35]} Qd7
{[%clk 01:17:53]} {[%emt 00:01:15]} 17. a4 {[%clk 01:11:40]} {[%emt 00:06:32]}
Be7 {[%clk 01:16:08]} {[%emt 00:02:14]} 18. f4 {[%clk 01:05:58]} {[%emt
00:06:12]} Bxg5 {[%clk 01:14:37]} {[%emt 00:02:01]} 19. fxg5 {[%clk 01:05:30]}
{[%emt 00:00:57]} Nc4 {[%clk 01:15:01]} {[%emt 00:00:06]} 20. Qe2 {[%clk
01:03:27]} {[%emt 00:02:33]} Rc8 {[%clk 01:12:23]} {[%emt 00:03:08]} 21. Rfc1
{[%clk 00:55:39]} {[%emt 00:08:17]} a6 {[%clk 01:11:26]} {[%emt 00:01:26]} 22.
a5 {[%clk 00:52:50]} {[%emt 00:03:20]} Qd8 {[%clk 01:11:14]} {[%emt 00:00:42]}
23. b4 {[%clk 00:52:00]} {[%emt 00:01:20]} b5 {[%clk 01:06:08]} {[%emt
00:05:36]} 24. Na2 {[%clk 00:38:05]} {[%emt 00:14:24]} Qe7 {[%clk 01:05:04]}
{[%emt 00:01:35]} 25. Rf1 {[%clk 00:37:05]} {[%emt 00:01:31]} Kd7 {[%clk
01:02:47]} {[%emt 00:02:46]} 26. Rf3 {[%clk 00:33:19]} {[%emt 00:04:15]} Kc7
{[%clk 01:01:28]} {[%emt 00:01:50]} 27. Raf1 {[%clk 00:32:20]} {[%emt
00:01:29]} Kb8 {[%clk 01:01:31]} {[%emt 00:00:28]} 28. Qe1 {[%clk 00:24:52]}
{[%emt 00:07:58]} Qa7 {[%clk 00:58:52]} {[%emt 00:03:08]} 29. Qf2 {[%clk
00:19:23]} {[%emt 00:05:59]} Nxa5 {[%clk 00:58:36]} {[%emt 00:00:46]} 30. bxa5
{[%clk 00:05:49]} {[%emt 00:14:05]} Rc2 {[%clk 00:59:00]} {[%emt 00:00:05]} 31.
Ne2 {[%clk 00:04:21]} {[%emt 00:01:58]} Rxa2 {[%clk 00:59:23]} {[%emt
00:00:08]} 32. Rc1 {[%clk 00:04:24]} {[%emt 00:00:27]} Rxa5 {[%clk 00:55:23]}
{[%emt 00:04:30]} 33. Nf4 {[%clk 00:03:05]} {[%emt 00:01:49]} Be4 {[%clk
00:53:37]} {[%emt 00:02:16]} 34. Rfc3 {[%clk 00:03:30]} {[%emt 00:00:05]} Ra4
{[%clk 00:52:00]} {[%emt 00:02:07]} 35. Rc5 {[%clk 00:01:28]} {[%emt 00:02:32]}
Rc4 {[%clk 00:51:38]} {[%emt 00:00:52]} 36. R1xc4 {[%clk 00:01:49]} {[%emt
00:00:09]} dxc4 {[%clk 00:51:37]} {[%emt 00:00:30]} 37. g6 {[%clk 00:01:59]}
{[%emt 00:00:20]} Rc8 {[%clk 00:50:42]} {[%emt 00:01:25]} 38. Nxe6 {[%clk
00:01:20]} {[%emt 00:01:09]} fxe6 {[%clk 00:50:23]} {[%emt 00:00:49]} 39. Rxc8+
{[%clk 00:00:46]} {[%emt 00:01:04]} Kxc8 {[%clk 00:50:53]} {[%emt 00:00:01]}
40. Qf8+ {[%clk 00:01:06]} {[%emt 00:00:09]} Kb7 {[%clk 00:51:09]} {[%emt
00:00:13]} 41. Qxg7+ {[%clk 00:29:27]} {[%emt 00:02:10]} Kb6 {[%clk 01:18:37]}
{[%emt 00:03:02]} 42. Qf8 {[%clk 00:28:30]} {[%emt 00:01:27]} Qd7 {[%clk
01:17:08]} {[%emt 00:01:57]} 43. g7 {[%clk 00:28:15]} {[%emt 00:00:48]} Qxd4+
{[%clk 01:16:43]} {[%emt 00:00:54]} 44. Kh1 {[%clk 00:28:39]} {[%emt 00:00:06]}
Qa1+ {[%clk 01:09:31]} {[%emt 00:07:42]} 45. Kh2 {[%clk 00:29:05]} {[%emt
00:00:05]} Qxe5+ {[%clk 01:09:56]} {[%emt 00:00:05]} 46. Kh1 {[%clk 00:29:26]}
{[%emt 00:00:09]} Bh7 {[%clk 01:10:18]} {[%emt 00:00:08]} 47. Qh8 {[%clk
00:29:28]} {[%emt 00:00:28]} Qe1+ {[%clk 01:10:30]} {[%emt 00:00:18]} 48. Kh2
{[%clk 00:29:52]} {[%emt 00:00:07]} Qxh4+ {[%clk 01:10:57]} {[%emt 00:00:03]}
49. Kg1 {[%clk 00:30:18]} {[%emt 00:00:03]} Qd4+ {[%clk 01:10:56]} {[%emt
00:00:30]} 50. Kh1 {[%clk 00:30:37]} {[%emt 00:00:12]} Qd3 {[%clk 01:11:06]}
{[%emt 00:00:19]} 51. g8=N {[%clk 00:28:40]} {[%emt 00:02:28]} Bxg8 {[%clk
01:11:13]} {[%emt 00:00:22]} 0-1

[Event "Deutsche Ländermeisterschaft 2022"]
[Site "Wiesbaden GER"]
[Date "2022.10.01"]
[Round "2"]
[White "Stork, Oliver"]
[Black "Pubantz, Jan"]
[Result "1-0"]
[Termination "normal"]
[Board "2.2"]
[WhiteTitle "FM"]
[WhiteElo "2315"]
[BlackElo "2273"]
[WhiteClock "00:33:08"]
[BlackClock "00:24:47"]
[WhiteTeam "Hessen"]
[BlackTeam "Niedersachsen"]
[PlyCount "89"]
[WhiteFideId "12955728"]
[BlackFideId "12996114"]
[EventCountry "GER"]
[EventRounds "7"]
[EventType "team-swiss"]
[EventDate "2022.09.30"]

1. c4 {[%clk 01:30:57]} {[%emt 00:00:02]} c6 {[%clk 01:30:57]} {[%emt
00:00:04]} 2. Nf3 {[%clk 01:31:20]} {[%emt 00:00:07]} d5 {[%clk 01:31:24]}
{[%emt 00:00:03]} 3. e3 {[%clk 01:31:43]} {[%emt 00:00:06]} Nf6 {[%clk
01:31:31]} {[%emt 00:00:23]} 4. Nc3 {[%clk 01:32:04]} {[%emt 00:00:08]} e6
{[%clk 01:31:31]} {[%emt 00:00:31]} 5. b3 {[%clk 01:32:23]} {[%emt 00:00:10]}
Bd6 {[%clk 01:31:46]} {[%emt 00:00:16]} 6. Bb2 {[%clk 01:32:46]} {[%emt
00:00:07]} O-O {[%clk 01:31:57]} {[%emt 00:00:20]} 7. Be2 {[%clk 01:32:50]}
{[%emt 00:00:26]} Nbd7 {[%clk 01:26:07]} {[%emt 00:06:20]} 8. Qc2 {[%clk
01:32:55]} {[%emt 00:00:24]} Qe7 {[%clk 01:22:30]} {[%emt 00:04:08]} 9. O-O
{[%clk 01:31:33]} {[%emt 00:01:51]} a6 {[%clk 01:14:20]} {[%emt 00:08:41]} 10.
d4 {[%clk 01:31:12]} {[%emt 00:00:50]} b6 {[%clk 01:09:42]} {[%emt 00:05:09]}
11. e4 {[%clk 01:21:13]} {[%emt 00:10:29]} dxe4 {[%clk 01:06:45]} {[%emt
00:03:28]} 12. Nxe4 {[%clk 01:20:20]} {[%emt 00:01:22]} Nxe4 {[%clk 01:04:55]}
{[%emt 00:02:21]} 13. Qxe4 {[%clk 01:20:42]} {[%emt 00:00:08]} Bb7 {[%clk
01:03:54]} {[%emt 00:01:31]} 14. Rfe1 {[%clk 01:10:11]} {[%emt 00:10:59]} Nf6
{[%clk 01:01:34]} {[%emt 00:02:50]} 15. Qh4 {[%clk 01:09:52]} {[%emt 00:00:49]}
Ba3 {[%clk 00:57:27]} {[%emt 00:04:38]} 16. Bc3 {[%clk 00:49:48]} {[%emt
00:20:34]} Bb4 {[%clk 00:56:23]} {[%emt 00:01:35]} 17. Rac1 {[%clk 00:49:55]}
{[%emt 00:00:22]} Bxc3 {[%clk 00:54:10]} {[%emt 00:02:44]} 18. Rxc3 {[%clk
00:50:23]} {[%emt 00:00:01]} c5 {[%clk 00:52:42]} {[%emt 00:01:59]} 19. Rd1
{[%clk 00:42:11]} {[%emt 00:08:41]} Rad8 {[%clk 00:49:03]} {[%emt 00:04:10]}
20. Ne5 {[%clk 00:30:26]} {[%emt 00:12:15]} cxd4 {[%clk 00:33:01]} {[%emt
00:16:32]} 21. Rh3 {[%clk 00:27:42]} {[%emt 00:03:14]} Be4 {[%clk 00:29:31]}
{[%emt 00:04:00]} 22. Bd3 {[%clk 00:18:12]} {[%emt 00:10:00]} Qb7 {[%clk
00:14:23]} {[%emt 00:15:38]} 23. g4 {[%clk 00:10:51]} {[%emt 00:07:51]} Bxd3
{[%clk 00:03:54]} {[%emt 00:10:59]} 24. Rdxd3 {[%clk 00:11:14]} {[%emt
00:00:06]} Qe4 {[%clk 00:02:42]} {[%emt 00:01:43]} 25. g5 {[%clk 00:11:36]}
{[%emt 00:00:08]} Qe1+ {[%clk 00:02:06]} {[%emt 00:01:07]} 26. Kg2 {[%clk
00:12:02]} {[%emt 00:00:04]} Qe4+ {[%clk 00:02:24]} {[%emt 00:00:12]} 27. Kf1
{[%clk 00:12:11]} {[%emt 00:00:21]} Qh1+ {[%clk 00:01:59]} {[%emt 00:00:55]}
28. Ke2 {[%clk 00:12:35]} {[%emt 00:00:06]} Qe4+ {[%clk 00:02:13]} {[%emt
00:00:16]} 29. Kd2 {[%clk 00:10:06]} {[%emt 00:02:59]} Qxh4 {[%clk 00:01:41]}
{[%emt 00:01:02]} 30. Rxh4 {[%clk 00:10:32]} {[%emt 00:00:05]} Nd7 {[%clk
00:01:07]} {[%emt 00:01:04]} 31. Nc6 {[%clk 00:09:57]} {[%emt 00:01:05]} Rde8
{[%clk 00:01:20]} {[%emt 00:00:17]} 32. Rdh3 {[%clk 00:06:50]} {[%emt
00:03:37]} f6 {[%clk 00:00:51]} {[%emt 00:01:00]} 33. Rxh7 {[%clk 00:05:34]}
{[%emt 00:01:45]} fxg5 {[%clk 00:00:59]} {[%emt 00:00:22]} 34. Rh8+ {[%clk
00:05:21]} {[%emt 00:00:43]} Kf7 {[%clk 00:01:28]} {[%emt 00:00:02]} 35. Rf3+
{[%clk 00:04:29]} {[%emt 00:01:22]} Kg6 {[%clk 00:00:44]} {[%emt 00:01:14]} 36.
Ne5+ {[%clk 00:04:44]} {[%emt 00:00:15]} Nxe5 {[%clk 00:01:09]} {[%emt
00:00:05]} 37. Rfxf8 {[%clk 00:05:08]} {[%emt 00:00:06]} Re7 {[%clk 00:01:22]}
{[%emt 00:00:17]} 38. Re8 {[%clk 00:04:37]} {[%emt 00:01:01]} Rf7 {[%clk
00:00:42]} {[%emt 00:01:10]} 39. Rhf8 {[%clk 00:04:09]} {[%emt 00:00:58]} Nf3+
{[%clk 00:00:38]} {[%emt 00:00:35]} 40. Kd3 {[%clk 00:03:39]} {[%emt 00:00:59]}
Rxf8 {[%clk 00:00:34]} {[%emt 00:00:34]} 41. Rxf8 {[%clk 00:04:03]} {[%emt
00:00:06]} Nxh2 {[%clk 00:26:31]} {[%emt 00:04:33]} 42. Kxd4 {[%clk 00:34:18]}
{[%emt 00:00:15]} Ng4 {[%clk 00:26:27]} {[%emt 00:00:34]} 43. b4 {[%clk
00:33:13]} {[%emt 00:01:35]} e5+ {[%clk 00:24:30]} {[%emt 00:02:27]} 44. Kd5
{[%clk 00:32:48]} {[%emt 00:00:54]} Nf6+ {[%clk 00:24:47]} {[%emt 00:00:14]}
45. Ke6 {[%clk 00:33:08]} {[%emt 00:00:09]} 1-0